Contested pasts : the politics of memory

Αποθηκεύτηκε σε:
Λεπτομέρειες βιβλιογραφικής εγγραφής
Άλλοι συγγραφείς: Hodgkin, Katharine, 1961- (edtf), Radstone, Susannah (edtf)
Μορφή: Βιβλίο
Γλώσσα:English
Δημοσίευση: London ; New York : Routledge, 2003.
Σειρά:Routledge studies in memory and narrative
Θέματα:
Διαθέσιμο Online:Πίνακας περιεχομένων:
Ετικέτες: Προσθήκη ετικέτας
Δεν υπάρχουν, Καταχωρήστε ετικέτα πρώτοι!

MARC

LEADER 00000cam a2200000 a 4500
001 1/106627
008 150529r20142003xxk| ||| |||| ||eng||
020 |a 9780415753876 (χαρτόδ.)  
040 |a GR-MyUa  |b gre  |c GR-MyUa  |e AACR2 
041 0 |a eng 
082 7 |a 153.12   |2 (23)  
245 0 0 |a Contested pasts :   |b the politics of memory /   |c edited by Katherine Hodgkin and Susannah Radstone.  
260 |a London ;   |a New York :   |b Routledge,   |c 2003.  
300 |a xv, 264 σ. ;   |b 23 εκ.  
490 1 |a (Routledge studies in memory and narrative)  
504 |a Περιλαμβάνει βιβλιογραφία και ευρετήριο.  
650 0 |a Memory  |x Social aspects. 
650 0 |a Memory  |x Political aspects. 
700 1 |a Hodgkin, Katharine,   |d 1961-  |e edtf 
700 1 |a Radstone, Susannah,  |e edtf 
830 0 |a Routledge studies in memory and narrative 
852 |a INST  |b LESVOS  |e 20150529  |h 153.12 CON  |p 005100056854  |q 005100056854  |t BK  |y 0 
856 |3 Πίνακας περιεχομένων:   |u http://www.loc.gov/catdir/toc/fy0610/2002035844.html 
970 |a Τζαφέρη  |b Ευαγγελία  |z 29-05-2015